| 000 | 00379pab a2200145 454500 | ||
|---|---|---|---|
| 008 | 180718b1998 xxu||||| |||| 00| 0 eng d | ||
| 100 | _aMujumdar, N.A. | ||
| 245 | _aConvertibility and all that (a review article) | ||
| 260 | _c1998 | ||
| 300 | _ap.153-60 | ||
| 362 | _aJan-Jun | ||
| 650 | _aCurrencies | ||
| 773 | _aJournal of Social and Economic Development | ||
| 909 | _a43683 | ||
| 999 |
_c43683 _d43683 |
||